书目信息 |
| 题名: |
注册结构工程师条文解读
|
|
| 作者: | 高洪健 , 张江华 , 于晓东 , 王文剑 编著 | |
| 分册: | 极限状态设计 | |
| 出版信息: | 天津 天津大学出版社 2024.11 |
|
| 页数: | 623页 | |
| 开本: | 29cm | |
| 丛书名: | ||
| 单 册: | ||
| 中图分类: | TU3 , TU2 | |
| 科图分类: | ||
| 主题词: | 建筑结构--jian zhu jie gou--资格考试--自学参考资料 , 建筑设计--jian zhu she ji--资格考试--自学参考资料 | |
| 电子资源: | ||
| ISBN: | 978-7-5618-7707-4 | |
| 000 | 01623nam 2200349 450 | |
| 001 | 91154 | |
| 005 | 20250816165258.21 | |
| 010 | @a978-7-5618-7707-4@dCNY120.00 | |
| 100 | @a20250103d2024 em y0chiy50 ea | |
| 101 | 0 | @achi |
| 102 | @aCN@b120000 | |
| 105 | @aak a 000yy | |
| 106 | @ar | |
| 200 | 1 | @a注册结构工程师条文解读@Azhu ce jie gou gong cheng shi tiao wen jie du@i极限状态设计@f高洪健 ... [等] 编著 |
| 210 | @a天津@c天津大学出版社@d2024.11 | |
| 215 | @a623页@c图@d29cm | |
| 304 | @a题名页题其余责任者: 张江华, 于晓东, 王文剑 | |
| 312 | @a英文题名取自封面 | |
| 320 | @a有书目 (第622-623页) | |
| 330 | @a工程结构设计需要解决的根本问题是确保结构在使用期间能够抵抗各种自然或人为的作用, 这也就涉及极限状态设计时的两个基本变量 —— 作用效应S (内力、变形等) 及结构抗力R。针对如恒荷载、活荷载地震等引起结构作用效应S的各种作用的取值及组合, 编者已在《注册结构工程师规范条文解读 —— 工程可靠性、作用效应及抗震设计》一书中进行了详细的阐述。因此, 本书将主要围绕结构抗力R的各种影响因素及计算方法进行梳理和解读。本书共有14章。 | |
| 510 | 1 | @aInterpretation of specifications for registered structural engineer@iLimit states design@zeng |
| 517 | 1 | @a极限状态设计@Aji xian zhuang tai she ji |
| 606 | 0 | @a建筑结构@Ajian zhu jie gou@x资格考试@j自学参考资料 |
| 606 | 0 | @a建筑设计@Ajian zhu she ji@x资格考试@j自学参考资料 |
| 690 | @aTU3@v5 | |
| 690 | @aTU2@v5 | |
| 701 | 0 | @a高洪健@Agao hong jian@4编著 |
| 701 | 0 | @a张江华@Azhang jiang hua@4编著 |
| 701 | 0 | @a于晓东@Ayu xiao dong@4编著 |
| 701 | 0 | @a王文剑@Awang wen jian@4编著 |
| 801 | 0 | @aCN@c20250909 |
| 905 | @a河南城建学院图书馆@dTU3@eG130@f1 | |
| 注册结构工程师条文解读.极限状态设计/高洪健 ... [等] 编著.-天津:天津大学出版社,2024.11 |
| 623页:图;29cm |
| ISBN 978-7-5618-7707-4:CNY120.00 |
| 工程结构设计需要解决的根本问题是确保结构在使用期间能够抵抗各种自然或人为的作用, 这也就涉及极限状态设计时的两个基本变量 —— 作用效应S (内力、变形等) 及结构抗力R。针对如恒荷载、活荷载地震等引起结构作用效应S的各种作用的取值及组合, 编者已在《注册结构工程师规范条文解读 —— 工程可靠性、作用效应及抗震设计》一书中进行了详细的阐述。因此, 本书将主要围绕结构抗力R的各种影响因素及计算方法进行梳理和解读。本书共有14章。 |
| ● |
| 相关链接 |
|
|
|
正题名:注册结构工程师条文解读
索取号:TU3/G130
 
预约/预借
| 序号 | 登录号 | 条形码 | 馆藏地/架位号 | 状态 | 备注 |
| 1 | 1625116 | 216251160 | 建筑库101/101建筑库 73排3列2层/ [索取号:TU3/G130] | 在馆 |